000 00969cpmaa2200265 4500
001 mm 79000944
003 DLC
005 20260227111633.0
008 790413|||||||||||| eng
010 _amm 79000944
040 _aDLC
_cDLC
_edacs
_dDLC
072 7 _aN
_2lcmd
100 1 _aCrawford, Thomas Hartley,
_d1786-1863.
245 0 0 _aThomas Hartley Crawford correspondence,
_f1848.
300 _a1
_fitem.
506 0 _aOpen to research.
545 0 _aU.S. representative from Pennsylvania, U.S. commissioner of Indian affairs, and jurist.
546 _aCollection material in English.
580 _aForms part of: Miscellaneous Manuscripts collection.
656 7 _aJurists.
_2itoamc
656 7 _aPublic officials.
_2itoamc
656 7 _aRepresentatives, U.S. Congress
_zPennsylvania.
_2itoamc
999 _c40548
_d40548